Fr. Conceicao Rodrigues College of Engineering

Modelling & Control of Robot Manipulation (Record no. 33948)

MARC details
000 -LEADER
fixed length control field 00352nam a2200145Ia 4500
082 ## - DEWEY DECIMAL CLASSIFICATION NUMBER
Classification number 629.892
Item number SCI
100 ## - MAIN ENTRY--PERSONAL NAME
Personal name Sciavicco/Lorenzo/ Siciliano/Brnuno
245 ## - TITLE STATEMENT
Title Modelling & Control of Robot Manipulation
260 ## - PUBLICATION, DISTRIBUTION, ETC.
Name of publisher, distributor, etc. Mc Graw Hill
Place of publication, distribution, etc. London
Date of publication, distribution, etc. 1996
300 ## - PHYSICAL DESCRIPTION
Extent 358
546 ## - LANGUAGE NOTE
Language note ENGLISH
654 ## - SUBJECT ADDED ENTRY--FACETED TOPICAL TERMS
Focus term Engineering
942 ## - ADDED ENTRY ELEMENTS (KOHA)
Koha item type BOOK
Holdings
Withdrawn status Lost status Damaged status Not for loan Collection Home library Current library Date acquired Total Checkouts Full call number Barcode Date last seen Price effective from Koha item type
        CRC Fr. Agnel's C.Rodrigues College of Engineering Fr. Agnel's C.Rodrigues College of Engineering 17/03/2023   629.892 SCI 10118 17/03/2023 17/03/2023 BOOK